Biblioteca ESET

Unidad en la diversidad : | Estudios laborales en los 90. (Registro nro. 240)

Detalles MARC
000 -CABECERA
fixed length control field 01448nam a22003137a 4500
003 - CONTROL NUMBER IDENTIFIER
control field AR-BeUNQ
005 - FECHA Y HORA DE LA ULTIMA TRANSACCION
control field 20241018115251.0
008 - ELEMENTOS DE LONGITUD FIJA-INFORMACION GENERAL
fixed length control field 220419b |||||||| |||| 00| 0 spa d
020 ## - NUMERO INTERNACIONAL NORMALIZADO PARA LIBROS
Número Internacional Normalizado del libro 9502312554
040 ## - FUENTE DE CATALOGACION
Agencia de catalogación original AR-BeUNQ
Agencia que realiza la transcripción AR-BeUNQ
Convenciones de la descripción aacr
082 ## - NUMERO DE CLASIFICACION DECIMAL DEWEYMBER
Número de la edición 21
Número de clasificación 305.
Número del ítem 9
100 ## - ASIENTO PRINCIPAL-NOMBRE PERSONAL
Nombre personal Alberto Bialakowsky, Alaicia Lescano, Cecilia Senén Gonzalez
Títulos u otras palabras asociadas al nombre comp.
Fecha asociada al nombre 1990
110 ## - ASIENTO PRINCIPAL-NOMBRE CORPORATIVO
Título de la obra Unidad en la diversidad : Estudios Laborales en los 90.
245 ## - MENCION DE TITULO
Título Unidad en la diversidad :
Otra información sobre el título Estudios laborales en los 90.
Mención de responsabilidad, etc Alberto Bialalowsky
Medio físico libros
250 ## - MENCION DE EDICION
Mención de edición 1a.ed.
260 ## - PUBLICACION, DISTRIBUCION, ETC.
Lugar de publicación, distribución, etc. Buenos Aires :
Nombre del editor, distribuidor, etc. Eudeba,
Fecha de publicación, distribución, etc 2002.
300 ## - DESCRIPCION FISICA
Extensión 264 p. ;
Dimensiones 23 cm.
490 ## - MENCION DE SERIE
Mención de serie Sociedad
Designación numérica/secuencial del volumen 12
500 ## - NOTA GENERAL
Nota general Documento dividido en tres partes.
504 ## - NOTA DE BIBLIOGRAFIA, ETC.
Nota de bibliografía, etc. Contiene bibliografía por orden alfabético.
505 ## - NOTA DE CONTENIDO
Nota de contenido con formato preestablecido Primera parte : Desigualdad económico-social y estrategias laborales de supervivencia. Segunda parte: Estrategias institucionales frente a la reestructuración económica. Tercera parte : Constitución de nuevas identidades y subjetividades en contextos de cambios sociales, laborales y económicos.
600 ## - ASIENTO SECUNDARIO DE MATERIA - NOMBRE PERSONAL
Nombre personal Estudios Laborales
Numeración 305.9
610 ## - ASIENTO SECUNDARIO DE MATERIA - NOMBRE CORPORATIVO
Nombre corporativo o nombre de la jurisdicción como elemento de entrada Comisión de Publicaciones del Instituto de Investigaciones de la Facultad de Ciencias Sociales "Gino Germani".
650 ## - ASIENTO SECUNDARIO DE MATERIA - TERMINO TEMATICO
Fuente del encabezamiento o términ spines
Término temático o nombre geográfico como elemento de entrada Clases Sociales
651 ## - ASIENTO SECUNDARIO DE MATERIA - NOMBRE GEOGRAFICO
Fuente del encabezamiento o término tell
Nombre geográfico Argentina
830 ## - ASIENTO SECUNDARIO DE SERIE--TITULO UNIFORME
Designación numérica/secuencial del volumen 12
929 ## - DATOS DE ADQUISICION
Procedencia DONACION
Proveedor Ayelen Díaz docente UNQ
Fecha de recibido 20211010
Número de inventario 58926
Patrimonio UNQ PAT0082267
942 #1 - ELEMENTOS DE PUNTO DE ACCESO ADICIONAL (KOHA)
Tipo de ítem Koha Libros
Existencias
Estado de retiro Estado de pérdida Ubicación permanente Ubicación actual Ubicación en estantería Fecha de ingreso Numeración serial Signatura topográfica completa Inventario Date last seen Tipo de ítem Koha
    Biblioteca ESET - UNQ Biblioteca ESET - UNQ CIRCULACION 19/04/2022 12 305.9 BIA 58926 19/04/2022 Libros

ESET UNQ

☏ 4365-7188
 Avenida República de Francia 1714 entre Doctor Kenny y Concordia, Ezpeleta, Bs As.
✉ secretaria_eset@unq.edu.ar

Con tecnología Koha